Six degree of separation

Salvato in:
Dettagli Bibliografici
Autore principale: Guare, John
Natura: Libro
Lingua:Undetermined
Pubblicazione: New York, Estados Unidos A vintage original 1991
Soggetti:
Tags: Aggiungi Tag
Nessun Tag, puoi essere il primo ad aggiungerne!!

MARC

LEADER 00000nam a2200000Ia 4500
008 170316s9999 xx 000 0 und d
040 |a cru BVZT 
090 |a 810 G-23.1s 
100 |a Guare, John 
245 |a Six degree of separation 
260 |a New York, Estados Unidos 
260 |b A vintage original 
260 |c 1991 
300 |a 120 páginas 
650 |a LITERATURA ESTADOUNIDENSE 
999 |c 5672  |d 5672 
942 |c 15 D  |h 810 G-23.1s  |2 z